000 00233nam a2200109Ia 4500
008 230320s9999||||xx |||||||||||||| ||spa||
082 _a193/L14
100 _aLacroix, Jean
245 0 _aKant
260 _bSudamerica
942 _80
_cLIB
999 _c33005
_d33005